Abril rojo / (Registro nro. 10748)

Detalles MARC
000 -LIDER
fixed length control field 00833nam a22002897a 4500
001 - NÚMERO DE CONTROL
Identificador de número de control 000370
003 - IDENTIFICACDOR DE NÚMERO DE CONTROL
control field DO-SdBNP
005 - DATE AND TIME OF LATEST TRANSACTION
control field 20240416112904.0
007 - CAMPOS FIJOS DE DESCRIPCIÓN FÍSICA
fixed length control field 000370
008 - ELEMENTOS DE LONGITUD FIJA
fixed length control field 160817b2006 mx ||| 00| 0 spa d
020 ## - ISBN
International Standard Book Number 9788466369305
040 ## - FUENTE DE CATALOGACIÓN
Agencia que crea de manera original el registro BPMSU
Idioma de catalogación spa
Agencia que realiza la transcripción BPMSU
082 #4 - NÚMERO DE CLASIFICACIÓN DECIMAL DE DEWEY
Classification number Pe863.5
Item number R666a 2006
Edition number 22
100 1# - ASIENTO PRINCIPAL -- NOMBRE PERSONAL
Nombre personal Roncagliolo, Santiago,
Fechas asociadas con el nombre 1975-
9 (RLIN) 18
245 10 - MENCIÓN DE TITULO
Título Abril rojo /
Mención de responsabilidad Santiago Roncagliolo.
250 ## - MENCIÓN DE EDICION
Mención de edición 2 ª ed.
260 ## - PUBLICACIÓN, DISTRIBUCIÓN, ETC. (PIE DE IMPRENTA)
Lugar de publicación, distribución, etc Madrid :
Nombre del editor, distribuidor, etc. Punto de Lectura,
Fecha de publicación, distribución, etc 2007.
300 ## - DESCRIPCIÓN FÍSICA
Extensión 327 p. ;
Dimensiones 20 cm.
490 0# - MENCIÓN DE SERIES
Mención de serie Punto de lectura,
Volume/sequential designation 148/2
490 1# - MENCIÓN DE SERIES
Mención de serie Punto de lectura
Volume/sequential designation Narrativa
500 ## - NOTA GENERAL
Nota general "Premio Alfaguara de Novela 2006"--Cubierta
590 ## - NOTA LOCAL
Texto de la nota local Inventariado, 2024/VM
650 #4 - ENCABEZAMIENTO DE MATERIA--TEMÁTICO
Término temático o nombre geográfico como elemento de entrada Novela peruana
650 #4 - ENCABEZAMIENTO DE MATERIA--TEMÁTICO
Término temático o nombre geográfico como elemento de entrada Literatura peruana
910 ## - VALIDACIÓN
Validación VMateo V. Control de calidad. BPMSU
942 ## - ADDED ENTRY ELEMENTS (KOHA)
Source of classification or shelving scheme Dewey Decimal Classification
Koha item type Libros
Existencias
Withdrawn status Lost status Source of classification or shelving scheme Damaged status Not for loan Collection code Home library Current library Date acquired Source of acquisition Total Checkouts Full call number Barcode Date last seen Price effective from Koha item type Copy number
    Dewey Decimal Classification     Colección General Biblioteca Pública Metropolitana Salomé Ureña Biblioteca Pública Metropolitana Salomé Ureña 07/07/2016 Alfaguara   BPMSU CG Pe863.5 R666a 2007 BPMSU16070196 07/07/2016 07/07/2016 Libros  
    Dewey Decimal Classification     Colección General Biblioteca Pública Metropolitana Salomé Ureña Biblioteca Pública Metropolitana Salomé Ureña 07/07/2016 Alfaguara   BPMSU CG Pe863.5 R666a 2007 BPMSU16070197 07/07/2016 07/07/2016 Libros e.3
    Dewey Decimal Classification     Colección General Biblioteca Pública Metropolitana Salomé Ureña Biblioteca Pública Metropolitana Salomé Ureña 07/07/2016 Alfaguara   BPMSU CG Pe863.5 R666a 2007 BPMSU16070198 07/07/2016 07/07/2016 Libros e.2